Sistema nacional de entrenamiento Digeder 1990-1993: el reconocimiento de un proceso para llegar a triunfar

Furkejuvvon:
Bibliográfalaš dieđut
Searvvušdahkki: Digeder (Dahkki)
Materiálatiipa: Girji
Giella:espánnjágiella
Almmustuhtton: Santiago Digeder 1994
Fáttát:
Fáddágilkorat: Lasit fáddágilkoriid
Eai fáddágilkorat, Lasit vuosttaš fáddágilkora!

MARC

LEADER 00000nam a2200000 a 4500
001 UCX9507
003 CL-VaPUC
008 940610e19940000CL |||||||||||||||||spa|d
082 0 4 |a 796.077  |b DIG  |2 21 
110 2 |a Digeder  |e author  |9 326927 
245 1 0 |a Sistema nacional de entrenamiento Digeder 1990-1993: el reconocimiento de un proceso para llegar a triunfar 
300 |a 145 p 
942 |c BK 
945 |d 19940610 00:00:00  |a rbrito 
260 |a Santiago  |b Digeder  |c 1994 
650 7 |a ENTRENAMIENTO ATLETICO  |2 CL-VaPUC  |9 326928 
650 0 |a Deportes  |9 224367 
583 |a last modification  |c 19940610 00:00:00  |k Rodrigo Vera 
999 |c 228723  |d 228721 
952 |0 0  |1 0  |4 0  |6 796_077000000000000_DIG_1994  |7 0  |8 P  |9 229099  |a BIBEDU  |b BIBEDU  |c BIBEDU_PB  |d 2019-11-15  |i 2976447  |o 796.077 DIG 1994  |p 2976447  |r 2024-01-25  |w 2019-11-15  |y BK  |k EFI